Who did that 2022 Song - Statistics

General Stats
  • This quiz has been taken 68 times
  • The average score is 5 of 12
Answer Stats
Song Artist/Band % Correct
As It Was Harry Styles
97%
Anti-Hero Taylor Swift
89%
Kill Bill SZA
83%
Out of Time The Weeknd
63%
First Class Jack Harlow
51%
TV Billie Eilish
49%
Jimmy Cooks Drake
43%
AMERICA HAS A PROBLEM Beyoncé
40%
Crash Charli XCX
8%
minds of men FKA twigs
6%
New Mode Kid Cudi
5%
Heaven Takes You Home Swedish House Mafia
5%
No matching quizzes found
Score Distribution
Percent of People with Each Score
Percentile by Number Answered
Your Score History
You have not taken this quiz